000 00521nam a2200229Ia 4500
005 20250425162025.0
008 250425s9999 xx 000 0 und d
020 _a8432971057
041 _aspa
082 _a741.24
100 _aBAEZA, MARIO
245 0 _aDIBUJANDO A LAPIZ
250 _a9A ED.
260 _aBARCELONA
260 _aEspaƱa
_bCEAC
_c1995
300 _a144
650 _aDIBUJO A LAPIZ
650 _aDIBUJO ARTISTICO
650 _aINSTRUMENTOS DE DIBUJO
942 _c01
010 _a41040
999 _c220817
_d220817